header

Natural language processing for online applications (Record no. 236138)

MARC details
000 -LEADER
fixed length control field 01377nam a2200325Ia 4500
082 04 - DEWEY DECIMAL CLASSIFICATION NUMBER
Classification number 006.3/5
100 1# - MAIN ENTRY--AUTHOR NAME
Personal name Jackson, Peter,
245 10 - TITLE STATEMENT
Title Natural language processing for online applications
260 ## - PUBLICATION, DISTRIBUTION, ETC. (IMPRINT)
Place of publication Amsterdam ;
-- Philadelphia, PA :
Name of publisher John Benjamins Pub. Company,
Year of publication 2002.
300 ## - PHYSICAL DESCRIPTION
Number of Pages x, 225 p.
490 0# - SERIES STATEMENT
Series statement Natural language processing, ISSN 1567-8202 ;
650 #0 - SUBJECT ADDED ENTRY--TOPICAL TERM
Topical Term Natural language processing (Computer science)
Topical Term Human-computer interaction.
700 1# - ADDED ENTRY--PERSONAL NAME
Personal name Moulinier, Isabelle.
856 40 - ELECTRONIC LOCATION AND ACCESS
Uniform Resource Identifier http://site.ebrary.com/lib/rucke/Doc?id=10176621

No items available.

© 2026 Rongo University
Contact us: librarian | system librarian | Rongo university